000 00825cab a2200181 4500
001 ##L132934
008 060323n2006 000 0 eng u
035 _a(Sirsi) u132934
041 0 _aeng
100 1 _aMcCormick, Helen
245 0 0 _aOffice wins put Sir Robert on top
260 _c2006
490 0 _aContract Journal
_v432(6567) 22 March 2006, 20-21(2)
520 _aSir Robert McAlpine topped the new work winners league table for the second successive month in February 2006, with Balfour Beatty in second place. Also includes tables giving breakdown of work by sector and geographical area, pie graphs showing work by sector over past 12 months and in February, and bar chart illustrating total orders in last 12 months.
590 _aIKA280306
690 _aBUILT ENVIRONMENT-CONSTRUCTION MARKET
942 _n0
999 _c76701
_d76701